| 000 | 00648nam a2200253Ia 4500 | ||
|---|---|---|---|
| 003 | OSt | ||
| 005 | 20220918190655.0 | ||
| 006 | a|||||r|||| 00| 0 | ||
| 007 | ta | ||
| 008 | 220917b |||||||| |||| 00| 0 eng d | ||
| 024 | _a58,658 | ||
| 037 | _cTextual | ||
| 040 |
_aARTS _cARTS _beng |
||
| 041 |
_2eng _aeng |
||
| 082 | _aQ1:24:g, L3 (P15) | ||
| 110 |
_aWHO _973499 |
||
| 245 | 0 | _aMaha Yoga or the upanishadic lore | |
| 260 |
_aTrruvannamalal _bSri Ramanasraman _c1973 |
||
| 300 |
_a229p. _ccm. |
||
| 650 | _aRELIGION | ||
| 700 |
_aWHO _973500 |
||
| 942 |
_hQ1:24:g, L3 (P15) _cTEXL _2CC |
||
| 999 |
_c186356 _d186356 |
||